Personnages de Bleach - Statistiques

Statistiques générales
  • Ce quiz a été pris 112 fois
  • Le résultat moyen est 46 sur 86
Statistiques - réponses
Hint Réponse % Correct
Personnage PrincipaleShinigami Remplaçant Kurosaki Ichigo
100%
Humain Sado Yasutora
99%
Humain Inoue Orihime
96%
Ancien Capitaine-Générale des Gotei 13Ancien Capitaine de la 1ere Division Yamamoto Genryusai Shigekuni
96%
QuincySternritter A: Antithesis Ishida Uryu
95%
Ancien Capitaine de la 5ème DivisionAncien Lieutenant de la 5ème Division Commandant Général de l'Armée Arrancar Aizen Sosuke
88%
Capitaine de la 13ème DivisionAncienne Lieutenante de la 13ème Division Kuchiki Rukia
85%
Capitaine Général des Gotei 13Ancien Capitaine de la 8ème Division Kyoraku Shunsui
84%
Ancien Capitaine de la 3ème DivisionAncien Lieutenant de la 5ème Division Ancien 3ème Siège de la 5ème Division Commandant de l'Armée Arrancar Ichimaru Gin
81%
Ancienne Capitaine de la 4ème DivisionAncienne Capitaine de la 11ème Division Première Kenpachi Unohana Yachiru
81%
Capitaine de la 10ème DivisionAncien 3ème Siège de la 10ème Division Hitsugaya Toshiro
79%
Capitaine de la 2ème DivisionCommandant Général de l'Unité Mobile Secrète Sui-Feng
79%
Capitaine de la 11ème Division Zaraki Kenpachi
79%
Ancienne Capitaine de la 2ème DivisionAncienne Commandant Général de l'Unite Mobile Shihoin Yoruichi
78%
Ancien Capitaine de la 9ème DivisionAncien 5ème Siège de la 9ème Division Commandant de l'Armee Arrancar Tosen Kaname
78%
Lieutenant de la 6ème DivisionAncien 6ème Siège de la 11ème Division Abarai Renji
75%
Lieutenante de la 10ème Division Matsumoto Rangiku
75%
Capitaine de la 6ème Division Kuchiki Byakuya
74%
4ème Espada Ulquiorra Cifer
73%
Ancien Capitaine de la 12ème DivisionAncien Membre de l'Unité Mobile Secrète Urahara Kisuke
73%
Capitaine de la 12ème DivisionAncien 3ème Siège de la 12ème Division Kurotsuchi Mayuri
71%
Ancien 6ème Espada Grimmjow Jaegerjacquez
70%
Ancien Capitaine de la 13ème Division Ukitake Jushiro
70%
Capitaine de la 5ème Division Hirako Shinji
68%
1er Espada Coyote Starrk
67%
Ancien Capitaine de la 7ème Division Komamura Sajin
67%
Lieutenant de la 3ème Division Kira Izuru
66%
Ancienne Lieutenante de la 11ème Division Kusajishi Yachiru
63%
Lieutenant de la 11ème DivisionAncien 3ème Siège de la 11ème Division Madarame Ikkaku
63%
Ancien Capitaine de la 10ème DivisionPère du Personnage Principale Shiba Isshin
63%
Lieutenante de la 5ème Division Hinamori Momo
62%
Ancien Lieutenant de la 1ere Division Sasakibe Chojiro
59%
2ème EspadaAncien Roi de Hueco Mundo Seigneur de Las Noches Baraggan Louisenbairn
58%
Commandant de la Garde Royale (Division 0) Hyosube Ichibei
58%
Capitaine de la 4ème DivisionAncienne Lieutenante de la 4ème Division Soeur de la Prochaine Kotetsu Isane
58%
Ancienne Lieutenante de la 12ème DivisionCrée par le précédent Kurotsuchi Nemu
56%
Ancienne 3ème Espada Nelliel Tu Odelschwanck
56%
Co Lieutenante de la 1ere DivisionAncienne Lieutenante de la 8ème Division Ise Nanao
55%
Capitaine de la 9ème Division Muguruma Kensei
55%
Capitaine de la 7ème DivisionAncien Lieutenant de la 7ème Division Ancien 4ème Siège de la 11ème Division Iba Tetsuzaemon
52%
Capitaine de la 8ème DivisionAncienne Lieutenante de la 8ème Division Yadomaru Lisa
52%
Co Lieutenant de la 9ème Division Hisagi Shuhei
51%
Lieutenant de la 2ème DivisionCommandant de Patrouille de l'Unité Mobile Omaeda Marechiyo
51%
10ème Espada/ Espada 0 Yammy Llargo
51%
QuincyEmpereur de Vandenreich A: The Almighty Yhwach
51%
QuincyGrand-Maitre des Sternritters Sternritter B: The Balance Jugram Haschwalth
49%
Quincy Sternritter M: The Miracle Gerard Valkyrie
48%
4ème Officier de la Garde Royale (Division 0)Général Divin du Nord Shutara Senjumaru
47%
3ème Siège de la 11ème DivisionAncien 5ème Siège de la 11ème Division Ayasegawa Yumichika
45%
Quincy Sternritter V: The Visionary Gremmy Thoumeaux
45%
3ème Officier de la Garde Royale (Division 0)Général Divin de l'Ouest Créateur des Zanpakuto Nimaiya Oetsu
45%
Capitaine de la 3ème Division Otoribashi Rojuro
45%
QuincySternritter D: The Deathdealing Askin Nakk Le Vaar
44%
QuincySternritter F: The Fear As Nodt
44%
QuincySternritter H: The Heat Bazz-B
44%
QuincySternritter E: The Explode Bambietta Basterbine
42%
Quincy Sternritter X: The X-Axis Lille Barro
42%
Ancienne Lieutenante de la 12ème Division Sarugaki Hiyori
42%
Lieutenant de la 12ème DivisionAncien 3ème Siège de la 12ème Division Akon
41%
FullbringerChef et membre 001 de Xcution Ancien Shinigami Remplaçant Ginjo Kugo
41%
QuincyMère du personnage principale Kurosaki Masaki
41%
5ème EspadaAncien 8ème Espada Nnoitora Gilga
40%
Co-3ème Siège de la 4ème DivisionAncien 7ème Siège de la 4ème Division Yamada Hanataro
40%
9ème Espada Aaroniero Arruruerie
38%
Quincy Sternritter Z: The Zombie Giselle Gewelle
38%
2ème Officier de la Garde Royale (Division 0)Général Divin du Sud Ancienne Capitaine de la 12ème Division Hikifune Kirio
38%
1er Officier de la Garde Royale (Division 0)Général Divin de l'Est Kirinji Tenjiro
38%
Ancien 8ème EspadaGeolier de l'enfer Szayelaporro Granz
38%
Ancienne 3ème EspadaReine de Hueco Mundo Tier Harribel
38%
QuincySternritter C: The Compulsory Pernida Parnkgjas
37%
7ème Espada Zommari Rureaux
37%
Co Lieutenante de la 9ème Division Kuna Mashiro
34%
Quincy Sternritter J: The Jail Quilge Opie
33%
Ancien 6ème Espada Luppi Antenor
32%
Quincy Sternritter S: The Superstar Partenaire du prochain Mask De Masculine
30%
Lieutenante de 4ème DivisionAncienne Co-3ème Siège de la 13ème Division Soeur de le Précédente Kotetsu Kiyone
27%
Contrepartie du précédent Lilynette Gingerbuck
27%
Quincy Sternritter G: The Glutton Liltotto Lamperd
26%
QuincySternritter I: The Iron Cang Du
25%
Quincy Sternritter S: The Superstar Partenaire du précédent James
25%
Ancien 3ème Siège de la 1ere DivisionCo Lieutenant de la 1ere Division Okikiba Genshiro
25%
Quincy Sternritter L: The Love PePe Waccabrada
25%
Ancien Capitaine de la 11ème Division8ème Kenpachi Azashiro Soya
23%
Quincy Sternritter P: The Power Meninas McAllon
22%
Ancien Capitaine de la 3ème Division Amagai Shusuke
16%
Ancien 3ème Siège de la 3ème Division Togakushi Riku
1%
Aucun quiz correspondant
Distribution des résultats
% des personnes avec chaque résultat
Percentile par nombre de réponses
Votre historique - résultats
Vous n’avez pas pris ce quiz